000 01055nas a2200289 i 4500
001 821
003 ES-MaACL
005 20250217133941.0
007 t|
008 950801c1861 sp | | 1 ||pa d
022 _a2171-2611
080 _a622
245 0 0 _aEstadística minera de España /
_cDirección General de Agricultura, Industria y Comercio.
260 _aMadrid :
_bDirección General de Agricultura, Industria y Comercio,
_c1861- (
_fImprenta Nacional ; Bolaños y Aguilar)
300 _a68 v. ;
_c20, y 31 cm. +
_e1 disco compacto (CD-ROM)
362 0 _aN. 1 (1861)-1930.
500 _aNo se publicó en 1893.
650 1 4 _aEstadística.
_912520
650 1 4 _aMinería.
_915054
650 4 _aRecursos minerales-
_zEspaña.
_9160624
785 0 0 _aEstadística minera y metalúrgica de España
_d1931-1968
852 _aES-MaACL
_jHEM-H-229
_dOlim: Hem-1196
_cHEM
_9844
852 _aES-MaACL
_jROT 6/3/21
_cROT
_9203501
866 0 _o1862-92.1894-1917,1919-40,1942-60,1962,1964.
942 _2udc
999 _c821
_d821